书目信息 |
| 题名: |
美国特工秘密档案
|
|
| 作者: | 林汶奎 著 | |
| 分册: | ||
| 出版信息: | 哈尔滨 哈尔滨出版社 2012 |
|
| 页数: | 11,256页 | |
| 开本: | 24cm | |
| 丛书名: | ||
| 单 册: | ||
| 中图分类: | D771.236 | |
| 科图分类: | ||
| 主题词: | 情报活动 , 间谍 , 间谍--情报活动--美国 | |
| 电子资源: | ||
| ISBN: | 978-7-5484-0932-8 | |
| 000 | 01010nam0 2200265 45 | |
| 001 | 1354511608 | |
| 005 | 20130510101543.42 | |
| 010 | @a978-7-5484-0932-8@dCNY32.00 | |
| 100 | @a20130108d2012 em y0chiy50 ea | |
| 101 | 0 | @achi |
| 102 | @aCN@b230000 | |
| 105 | @ay z 000yd | |
| 106 | @ar | |
| 200 | 1 | @a美国特工秘密档案@AMei Guo Te Gong Mi Mi Dang An@dThe secret archives of American agents@f林汶奎著@FLin Wen Kui Zhu@zeng |
| 210 | @a哈尔滨@c哈尔滨出版社@d2012 | |
| 215 | @a11,256页@d24cm | |
| 330 | @a本书讲述了美国特工机构诞生的渊源,并将美国中央情报局和联邦调查局曾经涉及的暗杀他国领导人与本国领导人、干涉别国政治和本国政治的秘密事件作了详细的叙述,同时也为读者讲述了一些为中央情报局和联邦调查局作出突出贡献的特工的故事。 | |
| 510 | 1 | @aSecret archives of American agents@zeng |
| 606 | 0 | @a情报活动 |
| 606 | 0 | @a间谍 |
| 606 | 0 | @a间谍@x情报活动@y美国 |
| 690 | @aD771.236@v5 | |
| 701 | 0 | @a林汶奎@ALin Wen Kui@4著 |
| 801 | @aCN@bTANGWEI@c20130108 | |
| 905 | @b0830428-32@dD771.236@e362@f5 | |
| 美国特工秘密档案=The secret archives of American agents/林汶奎著.-哈尔滨:哈尔滨出版社,2012 |
| 11,256页;24cm |
| ISBN 978-7-5484-0932-8:CNY32.00 |
| 本书讲述了美国特工机构诞生的渊源,并将美国中央情报局和联邦调查局曾经涉及的暗杀他国领导人与本国领导人、干涉别国政治和本国政治的秘密事件作了详细的叙述,同时也为读者讲述了一些为中央情报局和联邦调查局作出突出贡献的特工的故事。 |
| ● |
| 相关链接 |
|
|
|
|
正题名:美国特工秘密档案
索取号:D771.236/362
 
预约/预借
| 序号 | 登录号 | 条形码 | 馆藏地/架位号 | 状态 | 备注 |
| 1 | 0830428 | 208304280 | 第一样本阅览室/ [索取号:D771.236/362] | 在馆 | |
| 2 | 0830429 | 208304299 | 第一借阅区/ [索取号:D771.236/362] | 在馆 | |
| 3 | 0830430 | 208304306 | 第一借阅区/ [索取号:D771.236/362] | 在馆 | |
| 4 | 0830431 | 208304315 | 第一借阅区/ [索取号:D771.236/362] | 在馆 | |
| 5 | 0830432 | 208304324 | 第一借阅区/ [索取号:D771.236/362] | 在馆 |